000 00519nam a22001817a 4500
005 20240823094841.0
008 240823b |||||||| |||| 00| 0 eng d
020 _a8123905661
082 _a612
_bANE-H
100 _aAnees Ahmad Siddique
245 _aHospital and Clinical Pharmacy /
_cAnees Ahmad Siddique, Muhammad Ali
260 _aPakistan :
_bCBS ;
_c2012
300 _aVI185p.
_bill;
_c23 cm.
500 _ainclude index .
650 _aPharmacy / hospital Pharamcy
700 _aMuhammad Ali
999 _c36452
_d36452